01115nam a22001817a 450000500170000000800410001702000180005804000070007604100080008308200230009110000230011424500650013726000420020230000260024436500620027052005690033265000320090120220118105602.0220113b ||||| |||| 00| 0 eng d a9788175994737 cAL aeng 223a823.914b DOYR aArthur Conan Doyle aReturn of Sherlock HolmesbA collection of Holmes adventures aNew DelhibFingerprint classicsc2020 a323p.bPBc19.6X13cm. 2Generala4477b₹152.10c₹d₹195.00e22%f18-12-2021 aIn the spring of 1894, as Watson investigates the murder of the Honourable Ronald Adair, the maid announces a visitor. To his surprise, it is none other than the old book collector he bumped into not too long ago. As Watson turns around to meet him, he faints . . . ?My dear Watson, ?said the well-remembered voice . . . ?Holmes! ? I cried. ?Is it really you? Can it indeed be that you are alive? ? Sherlock Holmes is back from the dead to resume his practice. Follow him as he prevents scandals, cracks codes, identifies criminals and saves his innocent clients.  2LiteratureaEnglish fiction